000 00729nam a2200217Ia 4500
003 GCL
008 140319s9999 xx 000 0 ara d
040 _aGCL /
_cGCL
082 0 4 _a364.1524
_bا د
100 1 _aانيس الدغيدى
245 1 0 _aدماء الكبار على كرسى السلطة /
_cانيس الدغيدى
260 _aالقاهرة :
_bمكتبة جزيرة الورد ،
_c2005
300 _a311 ص ؛
_c24 سم
650 0 4 _aالاغتيال
650 0 4 _aالاحوال السياسية
650 0 4 _aالجرائم السياسية
650 0 4 _aاحمد ياسين - اغتيال
650 0 4 _aالرنتيسى - اغتيال
650 0 4 _aالحريرى - اغتيال
942 _2ddc
_cBK
999 _c7981
_d7981